MARC

LEADER 00000nam0a2200000 4500
001 302654
005 20231102001526.0
035 |a (RuTPU)RU\TPU\book\327861 
090 |a 302654 
100 |a 20150825d1993 k y0rusy50 ca 
101 0 |a rus 
102 |a RU 
105 |a a z 001zy 
200 1 |a Термодинамика и теплообмен в ЯЭУ с газонасыщенным теплоносителем 
210 |a Москва  |c Энергоатомиздат  |d 1993 
215 |a 273 с.  |c ил. 
320 |a Библиогр.: с. 262-269. 
606 1 |a Атомные электрические станции  |x Ядерные реакторы  |2 stltpush  |3 (RuTPU)RU\TPU\subj\29782  |9 53044 
606 1 |a Ядерные энергетические установки  |x Теплообмен  |2 stltpush  |3 (RuTPU)RU\TPU\subj\21763  |9 46706 
610 1 |a термодинамика 
610 1 |a газонасыщенность 
610 1 |a теплоносители 
610 1 |a тепломассоперенос 
610 1 |a газосодержащие жидкости 
610 1 |a растворимость 
610 1 |a расчеты 
675 |a 621.311.25:621.039.5  |v 3 
675 |a 621.039.55  |v 3 
700 1 |a Бараненко  |b В. И.  |g Валерий Иванович 
701 1 |a Асмолов  |b В. И.  |g Владимир Григорьевич 
701 1 |a Киров  |b В. С.  |g Владимир Степанович 
801 1 |a RU  |b 63413507  |c 20150825 
801 2 |a RU  |b 63413507  |c 20170906  |g RCR 
942 |c BK